| 000 | 02837cam a22005174i 4500 | ||
|---|---|---|---|
| 003 | PE-LiUPU | ||
| 005 | 20250731173409.0 | ||
| 008 | 150706s2011 txua r 000 0 spa d | ||
| 020 | _a9780311136490 | ||
| 035 | _a(Sirsi) i9780311136490 | ||
| 040 |
_aPE-LiUPU _bspa _cPE-LiUPU _erda |
||
| 049 | _aPRUA | ||
| 082 | 0 | 4 |
_a248.41 _bS5 _221 |
| 245 | 0 | 1 |
_aSistema de memorización de versículos bíblicos : _batesore la palabra de Dios en su corazón / _cJosie de Smith, traductor. |
| 250 | _a3a edición. | ||
| 264 | 1 |
_aTexas : _bMundo Hispano, _c2011. |
|
| 300 |
_a79 páginas : _bilustraciones ; _c23 centímetros |
||
| 336 |
_atext _2rdacontent |
||
| 337 |
_aunmediated _2rdamedia |
||
| 338 |
_avolume _2rdacarrier |
||
| 505 | 0 | _aComience una vida de memorización y meditación bíblica -- Lista de comprobación: sistema de memorización de versículos bíblicos -- Viva la nueva vida -- Principios de memorización de versículos bíblicos -- Cómo repasar con otra persona los versículos memorizados -- Proclame a Cristo -- Cómo meditar sobre las escrituras -- Depende de los recursos de Dios -- Prueba de autocomprobación -- Dos reglas esenciales de la memorización de versículos bíblicos -- Si su tarea de memorización de versículos bíblicos se hace demasiado rutinaria -- Sea discípulo de Cristo -- Primera prueba de temas y referencias -- Segunda prueba de temas y referencias -- Crezca en imitación de Cristo -- Comprobación de lo aprendido -- Prueba final de temas y referencias -- Cómo seguir aprendiendo y repasando. | |
| 526 | _aSEG42 | ||
| 526 | _aSEG41 | ||
| 526 | _aSEG40 | ||
| 526 | _aSEG39 | ||
| 526 | _aP94 | ||
| 526 | _aP87 | ||
| 526 | _aP86 | ||
| 526 | _aP85 | ||
| 526 | _aP77 | ||
| 526 | _aP76 | ||
| 526 | _aP35 | ||
| 541 | _g001-0000543; | ||
| 541 | _g001-0000627; | ||
| 630 |
_aBiblia _xMemorización _vMetodología. |
||
| 650 | 0 | 4 | _aVida cristiana. |
| 700 | 1 |
_aSmith, Josie de, _etraductor. |
|
| 910 |
_agl _bjv _clch _d20111011 |
||
| 942 |
_2ddc _cBOOK |
||
| 949 |
_a248.41 S5 _wDEWEY _c1 _i63701 _lCCODEBUL1 _mBUL _p8.00 _r0 _sY _tBOOK _u2015-7-6 _xTEOLOGIA _PP35 _o.STAFF. Colección General |
||
| 949 |
_a248.41 S5 _wDEWEY _c2 _i67078 _lCCODEBUL1 _mBUL _p9.00 _r0 _sY _tBOOK _u2015-7-6 _xTEOLOGIA _PP35 _o.STAFF. Colección General |
||
| 994 |
_aC0 _bPEPRU |
||
| 596 | _a1 | ||
| 999 |
_a248.41 S5 _wDEWEY _c52600 _i63701 _d52600 _e2019-1-25 _f2021-11-10 _g5 _lCCODEBUL1 _mBUL _n2 _p8.00 _r0 _sY _tBOOK _u2015-7-6 _xTEOLOGIA _PP35 _0COMPRA _o.STAFF. Colección Teología |
||
| 999 |
_a248.41 S5 _wDEWEY _c2 _i67078 _lLOST _mBUL _p9.00 _r1 _sY _tBOOK _u2015-7-6 _xTEOLOGIA _PP35 _o.STAFF. Colección General |
||
| 980 |
_81 _gALBERTO SANCHEZ Responsable de Automatización |
||